|
|
|
|
| LEADER |
00000nkm a2200000 a 4500 |
| 001 |
vtls011924386 |
| 003 |
SK-MaSNL |
| 005 |
20260512122504.0 |
| 007 |
kp bo |
| 008 |
231120s1969 xo g kuslo |
| 015 |
|
|
|a SNBG1969
|
| 035 |
|
|
|a urn:nbn:sk:snk-km00e9k8
|
| 035 |
|
|
|a urn:nbn:sk:snk-km43hlz
|
| 035 |
|
|
|a 63901064-E17B-43D0-9ACE-1C9D199856E6
|
| 040 |
|
|
|a SNK
|b slo
|c SNK
|e AACR2
|
| 041 |
0 |
|
|a slo
|
| 043 |
|
|
|a e-xo---
|
| 044 |
|
|
|a xo
|c SK
|
| 072 |
|
7 |
|a 913
|x Regionálna geografia
|2 konspekt
|
| 080 |
|
|
|a 913(437.6)
|2 2011
|
| 080 |
|
|
|a 728.82
|2 2011
|
| 080 |
|
|
|a 728.81
|2 2011
|
| 080 |
|
|
|a 904(084.121)
|2 2011
|
| 100 |
1 |
|
|a Lazišťan, Eugen,
|d 1917-2006
|4 pht
|9 114795
|
| 245 |
1 |
0 |
|a Budatínsky zámok
|h grafika
|c foto Eugen Lazišťan
|
| 260 |
|
|
|a Bratislava
|b Obzor
|c 1969
|
| 300 |
|
|
|a 1 pohľadnica
|b čiernobiela
|c 15 x 11 cm
|
| 520 |
8 |
|
|a Zobrazenie: Pohľad z trávnika na budovu zámku s vežičkou. Pred budovou je múr a pred ním stromy. V popredí vpravo sú konáre listnatého stromu
|
| 610 |
2 |
7 |
|a Budatínsky zámok (Žilina, Slovensko)
|2 SNKKA
|9 171940
|
| 650 |
0 |
7 |
|a hrady
|2 SNKPH
|9 3039
|
| 650 |
0 |
7 |
|a zámky
|2 SNKPH
|9 3041
|
| 650 |
0 |
7 |
|a kultúrne pamiatky
|2 SNKPH
|9 2862
|
| 651 |
|
7 |
|a Budatín (Žilina, Slovensko)
|2 SNKPHgeo
|9 81749
|
| 655 |
|
7 |
|a miestne pohľadnice
|2 SNKPH
|9 70510
|
| 655 |
|
7 |
|a pohľadnice kultúrnych pamiatok
|2 SNKPH
|9 70523
|
| 852 |
|
|
|a Slovenská národná knižnica
|
| 954 |
|
|
|a pohľadnice pôvodné (slovenské)
|2 lita
|
| 958 |
|
|
|a GBN
|
| 958 |
|
|
|a GC
|
| 958 |
|
|
|a OND
|
| 958 |
|
|
|a EUIPO
|
| 999 |
|
|
|c 607149
|d 609079
|
| 952 |
|
|
|a SNK
|b SNK
|y PREZ
|7 0
|p 17A1248954
|o snkSP 46652
|0 0
|1 0
|4 0
|d 2020-03-16
|f 1
|l 0
|r 2026-02-23 16:12:35
|w 2026-02-23
|